| 000 | 00904cam a2200301Ka 4500 | ||
|---|---|---|---|
| 001 | 83629 | ||
| 005 | 20230410132804.0 | ||
| 008 | 010327s1996 cauab fb 001 0 eng d | ||
| 035 | _a(OCoLC)ocm46605896 | ||
| 040 |
_aKPR _cKPR _dOCLCQ _dOCLCG _dOCLCA |
||
| 020 | _z0805319573 (student ed.) | ||
| 035 | _a(OCoLC)46605896 | ||
| 049 | _aGRAL | ||
| 050 | 1 | 4 |
_aQH 308.2 _bC189b 1996 |
| 082 | 0 | 0 | _a574 |
| 100 | 1 |
_aCampbell, Neil A., _d1946-2004. |
|
| 245 | 1 | 0 |
_aBiology / _cNeil A. Campbell. |
| 250 | _a4a ed. | ||
| 260 |
_aMenlo Park, Calif. : _bBenjamin/Cummings Pub. Co., _cc1996. |
||
| 300 |
_a1 v. (various pagings) : _bill. (some col.), col. maps ; _c29 cm. |
||
| 440 | 0 | _aBenjamin / Cummings series in the life sciences | |
| 504 | _aIncludes bibliographical references and index. | ||
| 650 | 0 | _aBiology. | |
| 650 | 4 | _aBiologĂa | |
| 942 |
_2lcc _cbk |
||
| 994 |
_aC0 _bDRFGD |
||
| 946 | _aRdC | ||
| 999 |
_c87775 _d87775 |
||